New build and refurbishment in the sustainable communities plan (Record no. 108057)

MARC details
000 -LEADER
fixed length control field 01260cam a22003135a 4500
001 - CONTROL NUMBER
control field L143073
008 - FIXED-LENGTH DATA ELEMENTS--GENERAL INFORMATION
fixed length control field 080407s2008 xxko f 000 0 eng d
020 ## - INTERNATIONAL STANDARD BOOK NUMBER
International Standard Book Number 9781848060326
035 ## - SYSTEM CONTROL NUMBER
System control number (Sirsi) u143073
041 0# - LANGUAGE CODE
Language code of text/sound track or separate title eng
050 04 - LIBRARY OF CONGRESS CALL NUMBER
Classification number 333.72 $2 18
100 1# - MAIN ENTRY--PERSONAL NAME
Personal name Plimmer, F.
245 00 - TITLE STATEMENT
Title New build and refurbishment in the sustainable communities plan
260 ## - PUBLICATION, DISTRIBUTION, ETC.
Place of publication, distribution, etc. Watford
Name of publisher, distributor, etc. IHS BRE
Date of publication, distribution, etc. 2008
300 ## - PHYSICAL DESCRIPTION
Extent 8p.
Other physical details ill.
Dimensions 30cm.
490 #0 - SERIES STATEMENT
Series statement BRE Information Paper
Volume/sequential designation IP 2/08
520 ## - SUMMARY, ETC.
Summary, etc. This research summary considers the best way to regenerate run-down urban areas and create sustainable communities, comparing the two approaches to housing renewal; demolition and new build or refurbishment. Outlines the relative advantages of each approach and concludes that refurbishment is the more sustainable option, although developers see more obstacles than incentives with this approach.
521 2# - TARGET AUDIENCE NOTE
Target audience note Advanced
590 ## - LOCAL NOTE (RLIN)
Local note KA
651 #4 - SUBJECT ADDED ENTRY--GEOGRAPHIC NAME
Geographic name United Kingdom
Chronological subdivision
690 ## - LOCAL SUBJECT ADDED ENTRY--TOPICAL TERM (OCLC, RLIN)
Topical term or geographic name as entry element BUILT ENVIRONMENT-SUSTAINABLE CONSTRUCTION
700 1# - ADDED ENTRY--PERSONAL NAME
Personal name Pottinger, G.
700 1# - ADDED ENTRY--PERSONAL NAME
Personal name Harris, S.
700 1# - ADDED ENTRY--PERSONAL NAME
Personal name Waters, M.
700 1# - ADDED ENTRY--PERSONAL NAME
Personal name Pocock, Y.
710 2# - ADDED ENTRY--CORPORATE NAME
Corporate name or jurisdiction name as entry element College of Estate Management
9 (RLIN) 400
710 2# - ADDED ENTRY--CORPORATE NAME
Corporate name or jurisdiction name as entry element Building Research Establishment
Subordinate unit Trust
9 (RLIN) 5092
942 ## - ADDED ENTRY ELEMENTS (KOHA)
Suppress in OPAC 0
Holdings
Withdrawn status Lost status Source of classification or shelving scheme Damaged status Not for loan Home library Current library Shelving location Date acquired Total Checkouts Full call number Barcode Date last seen Date last checked out Copy number Price effective from Koha item type
    Dewey Decimal Classification     London London BRE publications 07/04/2008 1 ENQUIRY DESK 30072580 06/08/2019 12/11/2009 1 06/08/2019 Book